[Event "ROM-ch sf"]
[Site "Baile Tusnad"]
[Date "2000.??.??"]
[Round "11"]
[White "Carmaciu, Lucian Catalin"]
[Black "Istrate, Bogdan"]
[Result "1/2-1/2"]
[WhiteElo "2284"]
[BlackElo "2353"]
[PlyCount "174"]
[EventDate "2000.05.??"]
[EventType "swiss"]
[EventRounds "11"]
[EventCountry "ROU"]
[SourceTitle "EXT 2001"]
[Source "ChessBase"]
[SourceDate "2000.11.22"]
[SourceVersion "1"]
[SourceVersionDate "2000.11.22"]
[SourceQuality "1"]

1. e4 c5 2. Nf3 e6 3. d4 cxd4 4. Nxd4 Nc6 5. c4 Nf6 6. Nc3 Bb4 7. Nxc6 dxc6 8. Qxd8+ Kxd8 9. f3 e5 10. Bd2 Bc5 11. 0-0-0 Kc7 12. a3 a5 13. Kc2 a4 14. Bd3 Be6 15. Rhe1 Nd7 16. Nd5+ Kb8 17. Bb4 f6 18. Bxc5 Nxc5 19. Ne3 Kc7 20. Kc3 Nb3 21. Bc2 Nd4 22. Rd2 Ra6 23. Nf5 Bxf5 24. exf5 Rd8 25. f4 Nxc2 26. Kxc2 Rxd2+ 27. Kxd2 Kd6 28. fxe5+ fxe5 29. Kd3 b6 30. Ke4 Ra7 31. Re2 Ra5 32. g4 Rc5 33. Rc2 h6 34. h4 Ke7 35. g5 hxg5 36. hxg5 Kf7 37. Kd3 Ke7 38. Re2 Kf7 39. Re4 Ke7 40. Kc3 Kf7 41. Kd3 Kf8 42. Ke3 Kf7 43. Kf3 Kf8 44. Kg4 Kf7 45. Kh5 b5 46. cxb5 cxb5 47. Re2 Rd5 48. Rc2 Rd7 49. Rc6 e4 50. g6+ Kf8 51. Kg5 Rd8 52. Kf4 Re8 53. Rc2 Ke7 54. Kxe4 Kd6+ 55. Kf4 Re1 56. Rg2 Rd1 57. Kg5 Rf1 58. Rd2+ Ke5 59. Re2+ Kd6 60. Re6+ Kd5 61. Re7 Rg1+ 62. Kh4 Rh1+ 63. Kg3 Rg1+ 64. Kh3 Rh1+ 65. Kg2 Rh5 66. Rxg7 Rxf5 67. Kg3 Rg5+ 68. Kf4 Rg2 69. Rd7+ Kc6 70. Rg7 Rxb2 71. Rh7 Rg2 72. Kf5 b4 73. axb4 a3 74. Ra7 a2 75. Ra5 Rf2+ 76. Ke6 Re2+ 77. Kf7 Rf2+ 78. Kg8 Rg2 79. Kg7 Kb7 80. Kf7 Rf2+ 81. Kg8 Rg2 82. g7 Kb6 83. Ra8 Kb5 84. Kf7 Rf2+ 85. Ke7 Rg2 86. Kf6 Rf2+ 87. Ke5 Rg2 1/2-1/2

[Event "Bucharest IM"]
[Site "Bucharest"]
[Date "2000.??.??"]
[Round "5"]
[White "Istrate, Bogdan"]
[Black "Carnic, Srdjan"]
[Result "1/2-1/2"]
[WhiteElo "2353"]
[BlackElo "2388"]
[PlyCount "81"]
[EventDate "2000.03.??"]
[EventType "tourn"]
[EventRounds "11"]
[EventCountry "ROU"]
[EventCategory "5"]
[SourceTitle "EXT 2001"]
[Source "ChessBase"]
[SourceDate "2000.11.22"]
[SourceVersion "1"]
[SourceVersionDate "2000.11.22"]
[SourceQuality "1"]

1. c4 e5 2. Nc3 Nc6 3. Nf3 Bb4 4. Nd5 Bc5 5. d3 Nge7 6. a3 a6 7. e3 d6 8. d4 Ba7 9. Be2 0-0 10. 0-0 exd4 11. Nxe7+ Qxe7 12. exd4 Nxd4 13. Nxd4 Bxd4 14. Qxd4 Qxe2 15. Be3 Be6 16. Rac1 b6 17. f3 c5 18. Qc3 d5 19. cxd5 Bxd5 20. a4 a5 21. Rfe1 Qa6 22. Bf4 Rfe8 23. Re5 Rxe5 24. Qxe5 Qd3 25. Qd6 h6 26. Re1 Qd4+ 27. Be3 Qb4 28. Bf2 Be6 29. Re2 Qb3 30. h3 Qc4 31. Re1 Qxa4 32. Qxb6 Qb4 33. Qxc5 Qxb2 34. Bd4 Qd2 35. Qe5 Qg5 36. Qxg5 hxg5 37. Re5 a4 38. Rxg5 g6 39. Re5 Rd8 40. Bb2 Rb8 41. Re2 1/2-1/2

[Event "Bucharest IM"]
[Site "Bucharest"]
[Date "2000.??.??"]
[Round "3"]
[White "Istrate, Bogdan"]
[Black "Florescu, Codrut Constantin"]
[Result "1/2-1/2"]
[WhiteElo "2353"]
[BlackElo "2381"]
[PlyCount "25"]
[EventDate "2000.03.??"]
[EventType "tourn"]
[EventRounds "11"]
[EventCountry "ROU"]
[EventCategory "5"]
[SourceTitle "EXT 2001"]
[Source "ChessBase"]
[SourceDate "2000.11.22"]
[SourceVersion "1"]
[SourceVersionDate "2000.11.22"]
[SourceQuality "1"]

1. Nf3 d5 2. g3 c5 3. Bg2 Nc6 4. d4 e6 5. 0-0 Qb6 6. c4 cxd4 7. cxd5 exd5 8. Nbd2 Be7 9. Nb3 Bf6 10. Bg5 Bxg5 11. Nxg5 Nge7 12. Qd2 Bf5 13. Nf3 1/2-1/2

[Event "Bucharest IM"]
[Site "Bucharest"]
[Date "2000.??.??"]
[Round "10"]
[White "Raceanu, Valentin"]
[Black "Istrate, Bogdan"]
[Result "0-1"]
[WhiteElo "2295"]
[BlackElo "2353"]
[PlyCount "106"]
[EventDate "2000.03.??"]
[EventType "tourn"]
[EventRounds "11"]
[EventCountry "ROU"]
[EventCategory "5"]
[SourceTitle "EXT 2001"]
[Source "ChessBase"]
[SourceDate "2000.11.22"]
[SourceVersion "1"]
[SourceVersionDate "2000.11.22"]
[SourceQuality "1"]

1. d4 Nf6 2. c4 g6 3. Nc3 Bg7 4. e4 d6 5. Be2 0-0 6. Bg5 h6 7. Be3 Nbd7 8. Qd2 c5 9. d5 Kh7 10. g4 a6 11. g5 hxg5 12. Nf3 g4 13. Ng5+ Kg8 14. h3 Ne5 15. hxg4 b5 16. f3 bxc4 17. 0-0-0 Rb8 18. Rh3 Qa5 19. Rdh1 Nfxg4 20. fxg4 Bxg4 21. Bf4 Bxh3 22. Bxe5 Bxe5 23. Rxh3 Rb7 24. Bxc4 Rb4 25. b3 Rfb8 26. Qf2 Bf6 27. Rh8+ Kg7 28. Rh7+ Kg8 29. Kd1 Rxc4 30. Qh2 Rd4+ 31. Kc2 Rd2+ 32. Qxd2 Bxg5 33. Qxg5 Kxh7 34. Qxe7 Kg8 35. Qxd6 Qb6 36. Qe7 c4 37. b4 Qxb4 38. Qxb4 Rxb4 39. d6 Rb8 40. Nd5 Kf8 41. Nf6 Rd8 42. e5 Kg7 43. Kc3 g5 44. Kxc4 Kg6 45. Kd5 Kf5 46. d7 g4 47. Kd6 g3 48. Nh5 g2 49. Ng3+ Kf4 50. Ne2+ Ke3 51. Ng1 Ke4 52. Ke7 Rxd7+ 53. Kxd7 Kxe5 0-1

[Event "ROM-ch"]
[Site "Iasi"]
[Date "1999.12.27"]
[Round "15"]
[White "Istrate, Bogdan"]
[Black "Nevednichy, Vladislav"]
[Result "1/2-1/2"]
[WhiteElo "2277"]
[BlackElo "2537"]
[PlyCount "164"]
[EventDate "1999.12.13"]
[EventType "tourn"]
[EventRounds "15"]
[EventCountry "ROU"]
[EventCategory "9"]
[SourceTitle "CBM 075"]
[Source "ChessBase"]
[SourceDate "2000.04.05"]
[SourceVersion "1"]
[SourceVersionDate "2000.04.05"]
[SourceQuality "1"]

1. Nf3 Nf6 2. g3 g6 3. Bg2 Bg7 4. 0-0 0-0 5. d4 d6 6. h3 Nbd7 7. c4 e5 8. Nc3 Re8 9. e4 exd4 10. Nxd4 a6 11. Nb3 Rb8 12. Qc2 b6 13. Be3 Nc5 14. Nd2 Nfd7 15. Rad1 a5 16. a3 Ne6 17. Nb5 a4 18. Nb1 Nec5 19. N1c3 Bb7 20. Rfe1 Ra8 21. f4 Qb8 22. Bf2 Bf8 23. g4 h6 24. Bg3 c6 25. Nd4 Qc7 26. h4 Nf6 27. Bf3 Nh7 28. Kg2 Bg7 29. g5 hxg5 30. hxg5 Re7 31. Re2 Rae8 32. Nxa4 Nxe4 33. Nc3 Nxg3 34. Kxg3 Rxe2 35. Ndxe2 Qe7 36. Qd2 Qd7 37. Qd3 Bc8 38. Ng1 Bf8 39. Ne4 Rd8 40. b4 d5 41. cxd5 cxd5 42. Nc3 d4 43. Nd5 Bg7 44. Nxb6 Qc7 45. Nxc8 Rxc8 46. Ne2 Rd8 47. Rc1 Qb8 48. Rc5 Nf8 49. Rb5 Qc7 50. Rc5 Qe7 51. Rd5 Re8 52. Nxd4 Qe1+ 53. Kg2 Bxd4 54. Rxd4 Qh4 55. Re4 Rc8 56. Qd2 Qh8 57. Bg4 Ra8 58. Re3 Qa1 59. Qc3 Qa2+ 60. Re2 Qb1 61. Re1 Qa2+ 62. Re2 Qb1 63. Rb2 Qe4+ 64. Bf3 Qe8 65. Bxa8 Qxa8+ 66. Qf3 Qa4 67. b5 Ne6 68. Rb4 Qc2+ 69. Qf2 Qf5 70. Kg3 Ng7 71. b6 Qd3+ 72. Kh2 Qxa3 73. Rb2 Qd6 74. b7 Qb8 75. Qf3 Kh7 76. Rc2 Qd6 77. Rb2 Qb8 78. Kh1 Nh5 79. Qd5 Qxf4 80. b8Q Qc1+ 81. Kh2 Ng7 82. Qxf7 Qg1+ 1/2-1/2

[Event "ROM-ch"]
[Site "Iasi"]
[Date "1999.12.25"]
[Round "13"]
[White "Istrate, Bogdan"]
[Black "Ionescu, Constantin"]
[Result "0-1"]
[WhiteElo "2277"]
[BlackElo "2451"]
[PlyCount "78"]
[EventDate "1999.12.13"]
[EventType "tourn"]
[EventRounds "15"]
[EventCountry "ROU"]
[EventCategory "9"]
[SourceTitle "CBM 075"]
[Source "ChessBase"]
[SourceDate "2000.04.05"]
[SourceVersion "1"]
[SourceVersionDate "2000.04.05"]
[SourceQuality "1"]

1. Nf3 c5 2. c4 Nf6 3. g3 b6 4. Bg2 Bb7 5. 0-0 g6 6. Nc3 Bg7 7. d4 cxd4 8. Qxd4 d6 9. Rd1 Nbd7 10. Be3 0-0 11. Qh4 Rc8 12. Rac1 a6 13. b3 h5 14. h3 Re8 15. g4 b5 16. cxb5 Qa5 17. Bd2 axb5 18. gxh5 Nxh5 19. Nd5 Rxc1 20. Rxc1 Qxa2 21. Nxe7+ Rxe7 22. Qxe7 Bxf3 23. Qxd7 Bxg2 24. Rc8+ Kh7 25. Qxf7 Qxd2 26. Kxg2 Qxe2 27. Re8 Qd3 28. Qf3 Qd2 29. Re3 d5 30. Qg4 d4 31. Rf3 Qc2 32. Qe6 d3 33. Qe4 Qxb3 34. Kh2 Qd1 35. Qd5 Qe2 36. Rf7 Kh6 37. Qf3 Qxf3 38. Rxf3 d2 39. Rd3 Bc3 0-1

[Event "ROM-ch"]
[Site "Iasi"]
[Date "1999.12.23"]
[Round "11"]
[White "Istrate, Bogdan"]
[Black "Mateuta, Gabriel"]
[Result "1/2-1/2"]
[WhiteElo "2277"]
[BlackElo "2398"]
[PlyCount "28"]
[EventDate "1999.12.13"]
[EventType "tourn"]
[EventRounds "15"]
[EventCountry "ROU"]
[EventCategory "9"]
[SourceTitle "CBM 075"]
[Source "ChessBase"]
[SourceDate "2000.04.05"]
[SourceVersion "1"]
[SourceVersionDate "2000.04.05"]
[SourceQuality "1"]

1. Nf3 d5 2. g3 g6 3. d4 Bg7 4. Bg2 Nh6 5. c4 c6 6. cxd5 cxd5 7. Nc3 Nc6 8. Qb3 e6 9. Bg5 Nxd4 10. Nxd4 Qxg5 11. Qb5+ Bd7 12. Qxb7 0-0 13. Qxd7 Bxd4 14. 0-0 Qe5 1/2-1/2

[Event "ROM-ch"]
[Site "Iasi"]
[Date "1999.12.19"]
[Round "7"]
[White "Grigore, George Gabriel"]
[Black "Istrate, Bogdan"]
[Result "1-0"]
[WhiteElo "2526"]
[BlackElo "2277"]
[PlyCount "53"]
[EventDate "1999.12.13"]
[EventType "tourn"]
[EventRounds "15"]
[EventCountry "ROU"]
[EventCategory "9"]
[SourceTitle "CBM 075"]
[Source "ChessBase"]
[SourceDate "2000.04.05"]
[SourceVersion "1"]
[SourceVersionDate "2000.04.05"]
[SourceQuality "1"]

1. d4 Nf6 2. c4 g6 3. Nc3 Bg7 4. e4 d6 5. Be2 0-0 6. Nf3 e5 7. 0-0 Nc6 8. d5 Ne7 9. Nd2 a5 10. a3 Nd7 11. Rb1 f5 12. b4 axb4 13. axb4 Kh8 14. f3 Nf6 15. c5 g5 16. Nc4 g4 17. fxg4 Nxe4 18. Nxe4 fxe4 19. Rxf8+ Bxf8 20. Bg5 h6 21. Bf6+ Bg7 22. Qd2 Kh7 23. Bh4 Bd7 24. Qc2 Be8 25. Bf3 Bb5 26. Qxe4+ Kg8 27. Be2 1-0

[Event "ROM-ch"]
[Site "Iasi"]
[Date "1999.12.18"]
[Round "6"]
[White "Istrate, Bogdan"]
[Black "Nanu, Ciprian Costica"]
[Result "1-0"]
[WhiteElo "2277"]
[BlackElo "2397"]
[PlyCount "71"]
[EventDate "1999.12.13"]
[EventType "tourn"]
[EventRounds "15"]
[EventCountry "ROU"]
[EventCategory "9"]
[SourceTitle "CBM 075"]
[Source "ChessBase"]
[SourceDate "2000.04.05"]
[SourceVersion "1"]
[SourceVersionDate "2000.04.05"]
[SourceQuality "1"]

1. Nf3 Nf6 2. g3 b6 3. Bg2 Bb7 4. 0-0 e6 5. c4 g6 6. Nc3 Bg7 7. Re1 Ne4 8. Nxe4 Bxe4 9. d3 Bb7 10. e4 0-0 11. d4 d6 12. Bg5 f6 13. Bd2 e5 14. d5 a5 15. b3 Nd7 16. a3 Rf7 17. Qc2 h6 18. Nh4 Nf8 19. b4 a4 20. c5 c6 21. b5 cxd5 22. c6 Bc8 23. exd5 f5 24. Bc3 e4 25. Bxg7 Rxg7 26. Bh3 Qf6 27. Ng2 g5 28. Ne3 Ng6 29. Nc4 Ne5 30. Nxb6 Nf3+ 31. Kh1 Nxe1 32. Rxe1 Rb8 33. Nxc8 Rxb5 34. c7 Rc5 35. Ne7+ Rxe7 36. Qxc5 1-0

[Event "ROM-chT"]
[Site "Sovata"]
[Date "1999.04.20"]
[Round "5"]
[White "Istrate, Bogdan"]
[Black "Vasilescu, Lucian Mihail"]
[Result "0-1"]
[WhiteElo "2333"]
[BlackElo "2381"]
[PlyCount "156"]
[EventDate "1999.04.16"]
[EventType "team"]
[EventRounds "5"]
[EventCountry "ROU"]
[SourceTitle "EXT 2000"]
[Source "ChessBase"]
[SourceDate "1999.11.16"]
[SourceVersion "1"]
[SourceVersionDate "1999.11.16"]
[SourceQuality "1"]

1. Nf3 c5 2. c4 g6 3. e4 Bg7 4. d4 Qa5+ 5. Nc3 d6 6. Be2 Bg4 7. Be3 Nc6 8. d5 Bxf3 9. Bxf3 Ne5 10. Qb3 Nf6 11. 0-0 Nxf3+ 12. gxf3 Rb8 13. Qb5+ Qxb5 14. cxb5 Nd7 15. Kg2 0-0 16. Rac1 a6 17. bxa6 bxa6 18. b3 Ne5 19. Rfd1 Rfc8 20. Na4 Rb4 21. Bd2 Rb7 22. Be3 Rb4 23. Bd2 Rb5 24. Bc3 Bh6 25. Rc2 Bf4 26. Nb2 g5 27. Bxe5 Bxe5 28. Nc4 Bf6 29. Re2 Kg7 30. Ne3 Be5 31. Nc4 Kf6 32. Rc1 Bd4 33. Rcc2 Rg8 34. h3 h5 35. Re1 Be5 36. Ne3 Bf4 37. Nc4 Rb4 38. Rg1 Be5 39. Kf1 Bd4 40. Ke2 Rbb8 41. Na5 Rb5 42. Nc6 Be5 43. Rc4 Bf4 44. Ra4 Rb6 45. Kd3 Bh2 46. Rc1 Bf4 47. Rcc4 e6 48. Ra5 Re8 49. Rca4 exd5 50. Rxa6 Rxa6 51. Rxa6 dxe4+ 52. fxe4 g4 53. hxg4 h4 54. e5+ Bxe5 55. Nxe5 Kxe5 56. Ra4 Rh8 57. Re4+ Kd5 58. Re1 h3 59. Rh1 h2 60. Ke3 Kc6 61. Kf4 d5 62. Ke5 d4 63. Ke4 Rh3 64. f3 Kb5 65. a3 c4 66. bxc4+ Kxc4 67. a4 d3 68. Rc1+ Kb4 69. Kxd3 h1Q 70. Rxh1 Rxh1 71. Ke4 Kc5 72. Ke5 Rh6 73. f4 Re6+ 74. Kf5 Kd6 75. g5 Ke7 76. Kg4 Ra6 77. f5 Rxa4+ 78. Kh5 Kf8 0-1

[Event "ROM-chT"]
[Site "Sovata"]
[Date "1999.04.16"]
[Round "1"]
[White "Mateuta, Gabriel"]
[Black "Istrate, Bogdan"]
[Result "1-0"]
[WhiteElo "2397"]
[BlackElo "2333"]
[PlyCount "61"]
[EventDate "1999.04.16"]
[EventType "team"]
[EventRounds "5"]
[EventCountry "ROU"]
[SourceTitle "EXT 2000"]
[Source "ChessBase"]
[SourceDate "1999.11.16"]
[SourceVersion "1"]
[SourceVersionDate "1999.11.16"]
[SourceQuality "1"]

1. d4 Nf6 2. Nf3 g6 3. g3 Bg7 4. Bg2 0-0 5. 0-0 d5 6. c4 dxc4 7. Ne5 c6 8. Na3 Be6 9. Naxc4 Bd5 10. Bh3 Ne4 11. Ne3 Ng5 12. Bg4 h5 13. Nxd5 Qxd5 14. Bxg5 hxg4 15. Bxe7 Re8 16. Ba3 Bxe5 17. dxe5 Qxe5 18. Qb3 b6 19. Rad1 c5 20. Qb5 Rc8 21. Qc4 Nc6 22. Qxg4 Nd4 23. e3 Nb5 24. Qa4 a6 25. Rd7 Qe6 26. Rfd1 Nd4 27. Bxc5 Nf3+ 28. Kg2 Ng5 29. Qh4 Qc6+ 30. R7d5 Ne6 31. Be7 1-0

[Event "Bucharest MI Festival"]
[Site "Bucharest"]
[Date "1999.03.30"]
[Round "11"]
[White "Istrate, Bogdan"]
[Black "Ionescu, Irina"]
[Result "1/2-1/2"]
[WhiteElo "2333"]
[BlackElo "2281"]
[PlyCount "102"]
[EventDate "1999.03.20"]
[EventType "tourn"]
[EventRounds "11"]
[EventCountry "ROU"]
[EventCategory "2"]
[SourceTitle "CBM 069 Extra"]
[Source "ChessBase"]
[SourceDate "1999.05.10"]
[SourceVersion "1"]
[SourceVersionDate "1999.05.10"]
[SourceQuality "1"]

1. Nf3 d5 2. g3 Bg4 3. Bg2 c6 4. c4 e6 5. Nc3 Nd7 6. cxd5 Bxf3 7. Bxf3 cxd5 8. d4 Ngf6 9. Bf4 Be7 10. 0-0 0-0 11. a4 Qa5 12. Qb3 Nb6 13. Qb5 Qxb5 14. axb5 Rfc8 15. Ra2 Rc4 16. Rfa1 Nc8 17. Ra4 Rxa4 18. Nxa4 Bd6 19. Bg5 Nd7 20. Rc1 h6 21. Bd2 Ndb6 22. Nc5 Nc4 23. Bc3 b6 24. Na6 Ne7 25. e3 Rc8 26. Be2 g6 27. Kf1 Nf5 28. g4 Ng7 29. h3 Ne8 30. Ke1 Bf8 31. Bb4 Bxb4+ 32. Nxb4 Ned6 33. Nc6 Rc7 34. Ne5 Nxb5 35. Nxc4 dxc4 36. Rxc4 Kf8 37. Rxc7 Nxc7 38. e4 Ke7 39. Kd2 Kd6 40. Ke3 Ne8 41. f4 Nc7 42. h4 a5 43. e5+ Kc6 44. Ke4 b5 45. h5 gxh5 46. g5 hxg5 47. fxg5 Kd7 48. Bxh5 Ke7 49. Be2 Kf8 50. Bd3 Kg7 51. Ke3 Kf8 1/2-1/2

[Event "Bucharest MI Festival"]
[Site "Bucharest"]
[Date "1999.03.24"]
[Round "5"]
[White "Florescu, Codrut Constantin"]
[Black "Istrate, Bogdan"]
[Result "1/2-1/2"]
[WhiteElo "2312"]
[BlackElo "2333"]
[PlyCount "64"]
[EventDate "1999.03.20"]
[EventType "tourn"]
[EventRounds "11"]
[EventCountry "ROU"]
[EventCategory "2"]
[SourceTitle "CBM 069 Extra"]
[Source "ChessBase"]
[SourceDate "1999.05.10"]
[SourceVersion "1"]
[SourceVersionDate "1999.05.10"]
[SourceQuality "1"]

1. e4 c5 2. Nf3 e6 3. Nc3 Nc6 4. d4 cxd4 5. Nxd4 Qc7 6. Be2 a6 7. Be3 Nf6 8. 0-0 Bb4 9. Na4 0-0 10. c4 Bd6 11. Nxc6 dxc6 12. Qc2 Bxh2+ 13. Kh1 Bf4 14. Bc5 Bd6 15. Bb6 Qe7 16. f4 e5 17. c5 Bc7 18. f5 Rb8 19. Rad1 Bxb6 20. Nxb6 Nd7 21. Nxd7 Bxd7 22. Rd6 Qh4+ 23. Kg1 Rbd8 24. Bf3 Bc8 25. Rfd1 Rxd6 26. cxd6 Rd8 27. Qc5 Qf6 28. Qb6 Rd7 29. b4 h6 30. a4 Kh7 31. Qc5 Rd8 32. a5 Kg8 1/2-1/2

[Event "ROM-ch sf"]
[Site "Baile Tusnad"]
[Date "1999.??.??"]
[Round "5"]
[White "Istrate, Bogdan"]
[Black "Vajda, Albert"]
[Result "1/2-1/2"]
[WhiteElo "2277"]
[BlackElo "2356"]
[PlyCount "134"]
[EventDate "1999.09.??"]
[EventType "swiss"]
[EventRounds "9"]
[EventCountry "ROU"]
[SourceTitle "EXT 2000"]
[Source "ChessBase"]
[SourceDate "1999.11.16"]
[SourceVersion "1"]
[SourceVersionDate "1999.11.16"]
[SourceQuality "1"]

1. Nf3 Nf6 2. c4 g6 3. g3 Bg7 4. Bg2 0-0 5. 0-0 c6 6. d4 d5 7. b3 Ne4 8. Bb2 Be6 9. Nbd2 Nxd2 10. Qxd2 h6 11. Rac1 Nd7 12. Rfd1 a5 13. Ne1 Nf6 14. Nd3 Bf5 15. e3 h5 16. Qe2 a4 17. cxd5 cxd5 18. b4 a3 19. Bc3 Bh6 20. b5 h4 21. f3 hxg3 22. hxg3 Qb6 23. Ne5 Bd7 24. Nxd7 Nxd7 25. f4 Qd6 26. e4 dxe4 27. Qxe4 Rab8 28. Qd5 Qxd5 29. Bxd5 Rfd8 30. Bf3 g5 31. Bb4 Bf8 32. fxg5 Nb6 33. d5 Ra8 34. Rc7 Rd7 35. d6 exd6 36. Rxd7 Nxd7 37. Bxb7 Ra4 38. Bxd6 Nc5 39. Bc6 Rb4 40. Be5 Ne6 41. Bf6 Bc5+ 42. Kg2 Bd4 43. Be7 Rb2+ 44. Kh3 Bc5 45. Bxc5 Nxc5 46. Bd5 Kg7 47. Rf1 Ne6 48. Bb3 Nd4 49. Rxf7+ Kg6 50. Kg4 Nxb3 51. Rf6+ Kg7 52. axb3 Rxb3 53. Ra6 Rxb5 54. Rxa3 Rb1 55. Ra7+ Kg6 56. Ra6+ Kg7 57. Rc6 Ra1 58. Rb6 Rc1 59. Rb4 Kg6 60. Rf4 Rb1 61. Rf6+ Kg7 62. Ra6 Rc1 63. g6 Rc5 64. Kh4 Rb5 65. Rc6 Ra5 66. g4 Rb5 67. g5 Rb1 1/2-1/2

[Event "ROM-ch sf"]
[Site "Baile Tusnad"]
[Date "1999.??.??"]
[Round "3"]
[White "Nanu, Ciprian Costica"]
[Black "Istrate, Bogdan"]
[Result "1/2-1/2"]
[WhiteElo "2397"]
[BlackElo "2277"]
[PlyCount "44"]
[EventDate "1999.09.??"]
[EventType "swiss"]
[EventRounds "9"]
[EventCountry "ROU"]
[SourceTitle "EXT 2000"]
[Source "ChessBase"]
[SourceDate "1999.11.16"]
[SourceVersion "1"]
[SourceVersionDate "1999.11.16"]
[SourceQuality "1"]

1. e4 c5 2. Nf3 d6 3. Bc4 Nf6 4. d3 e6 5. 0-0 Be7 6. Re1 0-0 7. Bb3 Nc6 8. c3 b5 9. d4 Bb7 10. Nbd2 cxd4 11. cxd4 Rc8 12. e5 dxe5 13. dxe5 Nd7 14. a3 Nc5 15. Bc2 Nd4 16. Nxd4 Qxd4 17. Nf3 Qxd1 18. Rxd1 Ne4 19. Nd4 Rfd8 20. Be3 a6 21. Rac1 h6 22. Re1 Nd2 1/2-1/2

[Event "Bucharest Cup IM"]
[Site "Bucharest"]
[Date "1998.??.??"]
[Round "?"]
[White "Glodeanu, Ion"]
[Black "Istrate, Bogdan"]
[Result "1/2-1/2"]
[WhiteElo "2355"]
[BlackElo "2350"]
[PlyCount "44"]
[EventDate "1998.12.??"]
[EventType "tourn"]
[EventRounds "14"]
[EventCountry "ROU"]
[EventCategory "3"]
[SourceTitle "EXT 2000"]
[Source "ChessBase"]
[SourceDate "1999.11.16"]
[SourceVersion "1"]
[SourceVersionDate "1999.11.16"]
[SourceQuality "1"]

1. e4 c5 2. Nf3 e6 3. b3 d6 4. Bb5+ Nd7 5. 0-0 Ngf6 6. Re1 Be7 7. Bf1 0-0 8. Bb2 Qc7 9. c4 a6 10. Nc3 Ne5 11. d3 Nxf3+ 12. Qxf3 e5 13. h3 Be6 14. Qe3 Nh5 15. g3 Qd7 16. Nd5 Bxd5 17. exd5 Rae8 18. Qf3 g6 19. Qg2 Ng7 20. Be2 Nf5 21. Bg4 h5 22. Bxf5 Qxf5 1/2-1/2

[Event "Bucharest Cup IM"]
[Site "Bucharest"]
[Date "1998.??.??"]
[Round "?"]
[White "Istrate, Bogdan"]
[Black "Gavela, Dragan"]
[Result "1-0"]
[WhiteElo "2350"]
[BlackElo "2300"]
[PlyCount "93"]
[EventDate "1998.12.??"]
[EventType "tourn"]
[EventRounds "14"]
[EventCountry "ROU"]
[EventCategory "3"]
[SourceTitle "EXT 2000"]
[Source "ChessBase"]
[SourceDate "1999.11.16"]
[SourceVersion "1"]
[SourceVersionDate "1999.11.16"]
[SourceQuality "1"]

1. Nf3 c5 2. c4 Nc6 3. d4 cxd4 4. Nxd4 e5 5. Nxc6 bxc6 6. g3 Bc5 7. Bg2 Nf6 8. Nc3 h6 9. 0-0 0-0 10. Rb1 Rb8 11. b3 d5 12. cxd5 cxd5 13. Nxd5 Bf5 14. Nxf6+ Qxf6 15. e4 Bg6 16. Qe2 h5 17. Be3 Bxe3 18. Qxe3 h4 19. Rbc1 Rfd8 20. Rfd1 hxg3 21. hxg3 Rd4 22. Rxd4 exd4 23. Qf4 Qb6 24. e5 Rd8 25. Be4 d3 26. Bxg6 Qxg6 27. Rd1 Qc6 28. Qe3 d2 29. Kh2 Qc2 30. Qe2 Kf8 31. a3 Ke7 32. Kg2 a5 33. b4 a4 34. b5 Rd4 35. f3 Kd7 36. b6 Kc6 37. e6 fxe6 38. Qxe6+ Kb7 39. Qe7+ Kxb6 40. Qe3 Kc5 41. Qe2 g5 42. Kf2 Rd5 43. Qe3+ Kc4 44. Ke2 Qc3 45. Qe4+ Rd4 46. Qe6+ Rd5 47. Qc6+ 1-0

[Event "ROM-chT"]
[Site "Sovata"]
[Date "1998.??.??"]
[Round "2"]
[White "Mozes, Ervin"]
[Black "Istrate, Bogdan"]
[Result "1/2-1/2"]
[WhiteElo "2320"]
[BlackElo "2350"]
[PlyCount "64"]
[EventDate "1998.??.??"]
[EventType "team"]
[EventRounds "5"]
[EventCountry "ROU"]
[SourceTitle "EXT 1999"]
[Source "ChessBase"]
[SourceDate "1998.11.16"]
[SourceVersion "1"]
[SourceVersionDate "1998.11.16"]
[SourceQuality "1"]

1. e4 c5 2. g3 d5 3. exd5 Qxd5 4. Nf3 Bg4 5. Bg2 Qe6+ 6. Kf1 Nc6 7. h3 Bh5 8. Nc3 Nf6 9. d3 Qd7 10. Bf4 e6 11. g4 Bg6 12. Ne5 Nxe5 13. Bxe5 Bd6 14. Bxf6 gxf6 15. Qf3 Be5 16. Qxb7 Qxb7 17. Bxb7 Rb8 18. Bc6+ Ke7 19. Ne2 Bxb2 20. Rd1 c4 21. Nf4 Rhc8 22. Bf3 Be5 23. Nxg6+ fxg6 24. d4 Bd6 25. c3 Rb2 26. Kg2 Rxa2 27. Ra1 Rxa1 28. Rxa1 Rc7 29. Ra4 Bf4 30. Kf1 Bd2 31. Ra3 Bc1 32. Ra2 e5 1/2-1/2

[Event "ROM-chT"]
[Site "Timisu de Sus"]
[Date "1998.??.??"]
[Round "4"]
[White "Parligras, Mircea Emilian"]
[Black "Istrate, Bogdan"]
[Result "1-0"]
[WhiteElo "2375"]
[BlackElo "2350"]
[PlyCount "109"]
[EventDate "1998.11.??"]
[EventType "team"]
[EventRounds "5"]
[EventCountry "ROU"]
[SourceTitle "EXT 2000"]
[Source "ChessBase"]
[SourceDate "1999.11.16"]
[SourceVersion "1"]
[SourceVersionDate "1999.11.16"]
[SourceQuality "1"]

1. e4 c5 2. Nf3 d6 3. d4 Nf6 4. Nc3 cxd4 5. Nxd4 a6 6. Be3 e6 7. g4 h6 8. f4 e5 9. Nf5 h5 10. Nd5 Nxd5 11. Qxd5 Nc6 12. 0-0-0 Be6 13. Nxd6+ Bxd6 14. Qxd6 Qxd6 15. Rxd6 exf4 16. Bxf4 hxg4 17. Be2 Rc8 18. a3 0-0 19. Rg1 Rfe8 20. Bd2 Ne5 21. Bc3 f6 22. Bxe5 fxe5 23. Bxg4 Bxg4 24. Rxg4 Rf8 25. Rd7 Rf7 26. Rxf7 Kxf7 27. Kd2 Rh8 28. h4 Kf6 29. a4 g6 30. c3 Rh7 31. a5 Rh8 32. b4 Rh7 33. Kc2 Rh8 34. Kb3 Rh7 35. c4 Rd7 36. b5 axb5 37. cxb5 Rd4 38. b6 Rd3+ 39. Kc4 Rd4+ 40. Kc5 Ra4 41. Kd6 Rxa5 42. Kc7 Ra4 43. Kxb7 Ra1 44. Kb8 Rb1 45. b7 Rb4 46. Kc7 Rc4+ 47. Kb6 Rb4+ 48. Kc6 Rc4+ 49. Kb5 Rc1 50. Rg3 Rb1+ 51. Kc6 Rc1+ 52. Kd7 Rd1+ 53. Kc8 Rc1+ 54. Kb8 Rh1 55. Rb3 1-0

[Event "ROM-chB"]
[Site "Alba Iulia"]
[Date "1997.??.??"]
[Round "?"]
[White "Ionescu, Mihai"]
[Black "Istrate, Bogdan"]
[Result "1/2-1/2"]
[WhiteElo "2395"]
[BlackElo "2325"]
[PlyCount "59"]
[EventDate "1997.07.??"]
[EventType "tourn"]
[EventRounds "9"]
[EventCountry "ROU"]
[EventCategory "6"]
[SourceTitle "EXT 2000"]
[Source "ChessBase"]
[SourceDate "1999.11.16"]
[SourceVersion "1"]
[SourceVersionDate "1999.11.16"]
[SourceQuality "1"]

1. d4 Nf6 2. c4 g6 3. Nc3 Bg7 4. e4 d6 5. Nf3 Bg4 6. Be2 0-0 7. Be3 Nc6 8. Qd2 Bxf3 9. Bxf3 e5 10. d5 Nd4 11. Be2 Nd7 12. 0-0 c5 13. Nb5 a6 14. Nxd4 cxd4 15. Bg5 f6 16. Bh4 Nc5 17. f3 a5 18. Bd3 h5 19. Rab1 Kh7 20. b3 Bh6 21. Qc2 Rf7 22. a3 b6 23. Be1 Rc7 24. Bd2 Bxd2 25. Qxd2 Rac8 26. a4 Qf8 27. Bc2 Qh6 28. Qe2 Na6 29. Rbe1 g5 30. g3 1/2-1/2